| 000 | 01002cam a22002894a 4500 | ||
|---|---|---|---|
| 001 | 12141036 | ||
| 003 | NUST - PNEC | ||
| 005 | 20170116181016.0 | ||
| 008 | 000814s2001 njua b 001 0 eng | ||
| 010 | _a 00063703 | ||
| 020 | _a9788131709108 | ||
| 020 | _a0130223336 | ||
| 040 |
_aDLC _cLIBRARY _dDLC |
||
| 042 | _apcc | ||
| 050 | 0 | 0 |
_aTK5103.2 _b.W53 2000 |
| 082 | 0 | 0 | _a621.382 MOL |
| 100 |
_910467 _aMolisch, Andreas F. |
||
| 245 | 0 | 0 |
_aWideband wireless digital communications / _cAndreas F. Molisch, editor. |
| 260 |
_aUpper Saddle River, NJ : _bPrentice Hall, _cc2001. |
||
| 300 |
_axvi, 549 p. : _bill. ; _c25 cm. |
||
| 504 | _aIncludes bibliographical references and index. | ||
| 650 | 0 |
_aWireless communication systems. _xMS COMM |
|
| 700 | 1 | _aMolisch, Andreas F. | |
| 906 |
_a7 _bcbc _corignew _d1 _eocip _f20 _gy-gencatlg |
||
| 942 |
_2ddc _cBK |
||
| 999 |
_c67269 _d67269 |
||